00835nam a22002417a 450000500170000001000110001702000100002803500110003803700160004904000120006508200140007710000190009124501090011026000380021927000590025730000230031650000190033965000350035865000430039365000710043665000830050770000030059020170124105925.0 a848110 c00.00 a848110 bCen Lib/Ret aDPLbEN a323.20954 aShah,Ghanshyam aProtest movements in two Indian states :cby Ghanshyam ShahbA study of the Gujrat and Bihar movements / a DelhibAjanta publicationsc1977 a1-U.B., Jawahar nagar Bungalow roadbNew Delhie110007 axi,171p.c20cm(Hb) aIncludes index aProtest movements- India-Bihar aBihar- (India) politics and government a विरोध आंदोलन - भारत-बिहार aबिहार - (भारत), राजनीति और सरकार